Opatrenie Ministerstva financií Slovenskej republiky č. 65/396/1994, ktorým sa ustanovujú postupy účtovania ...

Znenie Opatrenia Ministerstva financií SR č. 65/1396/1994, ktorým sa ustanovujú postupy účtovania v sústave jednoduchého účtovníctva pre fyzické osoby, ktoré vykonávajú podnikateľskú alebo inú zárobkovú činnosť, pokiaľ preukazujú pre daňové účely výdavky na dosiahnutie, zabezpečenie a udržanie príjm...

Descripción completa

Guardado en:
Detalles Bibliográficos
Formato: Capítulo de libro
Lenguaje:eslovaco
Materias:
Etiquetas: Agregar Etiqueta
Sin Etiquetas, Sea el primero en etiquetar este registro!

MARC

LEADER 00000naa a2200000 4500
001 r034429
005 20230926080838.1
041 0 |a slo 
044 |a SK 
245 1 0 |a Opatrenie Ministerstva financií Slovenskej republiky č. 65/396/1994, ktorým sa ustanovujú postupy účtovania ... 
520 |a Znenie Opatrenia Ministerstva financií SR č. 65/1396/1994, ktorým sa ustanovujú postupy účtovania v sústave jednoduchého účtovníctva pre fyzické osoby, ktoré vykonávajú podnikateľskú alebo inú zárobkovú činnosť, pokiaľ preukazujú pre daňové účely výdavky na dosiahnutie, zabezpečenie a udržanie príjmov, v znení neskorších opatrení a opatrenia č. 4189/1998-KM. 
610 2 0 |a účtovníctvo 
610 2 0 |a postupy účtovné 
610 2 0 |a účtovníctvo jednoduché 
610 2 0 |a osoby fyzické 
610 2 0 |a podnikatelia 
610 2 0 |a opatrenia 
610 2 0 |a MF SR Bratislava 
610 2 0 |a 1994-1998